000 00684nam a2200241Ia 4500
003 OSt
005 20220925230510.0
006 a|||||r|||| 00| 0
007 ta
008 220923b |||||||| |||| 00| 0 eng d
037 _cGeneral Book
040 _aRTL
_cRTL
_beng
041 _2eng
_aeng
082 _aY742, L0
100 _aNakane Chie
_9135743
245 0 _aJapanese society
260 _aLondon
_bWeidenfeld and Nicolson
_c1970
300 _axi, 157p
_ccm.
490 _aNature of Human Society Series. Ed by Julian Pit-Rivers and Ernest Gellner
650 _aTerritorial
942 _hY742, L0
_cGB
_2CC
999 _c585734
_d585734